Movies Quiz

Random Movies or Actress Quiz

Martin Brest Casts Quiz Stats

Quiz not verified by Sporcle

Challenge
Share
Tweet
Embed
Score 0/84 Timer 10:00
0 Plays Today
Film Actor/Actress % Correct
Beverly Hills Cop (1984)Eddie Murphy
76.6%
Scent of a Woman (1992)Al Pacino
70.2%
Gigli (2003)Al Pacino
70.2%
Meet Joe Black (1998)Brad Pitt
66%
Gigli (2003)Ben Affleck
66%
Gigli (2003)Jennifer Lopez
63.8%
Meet Joe Black (1998)Anthony Hopkins
61.7%
Beverly Hills Cop (1984)Judge Reinhold
59.6%
Midnight Run (1988)Robert De Niro
59.6%
Scent of a Woman (1992)Chris O'Donnell
51.1%
Midnight Run (1988)Charles Grodin
44.7%
Scent of a Woman (1992)Philip Seymour Hoffman
44.7%
Going in Style (1979)Paul L. Smith
40.4%
Midnight Run (1988)Lois Smith
40.4%
Scent of a Woman (1992)Matt Smith
40.4%
Meet Joe Black (1998)Claire Forlani
34%
Going in Style (1979)George Burns
29.8%
Going in Style (1979)Art Carney
27.7%
Beverly Hills Cop (1984)John Ashton
27.7%
Midnight Run (1988)John Ashton
27.7%
Beverly Hills Cop (1984)Ronny Cox
25.5%
Scent of a Woman (1992)Gabrielle Anwar
23.4%
Beverly Hills Cop (1984)Bronson Pinchot
21.3%
Midnight Run (1988)Dennis Farina
21.3%
Hot Tomorrows (1977)Ken Lerner
19.1%
Hot Tomorrows (1977)Danny Elfman
17%
Hot Tomorrows (1977)Marie-Pascale Elfman
17%
Going in Style (1979)Lee Strasberg
17%
Film Actor/Actress % Correct
Beverly Hills Cop (1984)Steven Berkoff
17%
Beverly Hills Cop (1984)Paul Reiser
17%
Midnight Run (1988)Yaphet Kotto
17%
Midnight Run (1988)Joe Pantoliano
17%
Gigli (2003)Christopher Walken
17%
Beverly Hills Cop (1984)Jonathan Banks
14.9%
Hot Tomorrows (1977)Victor Argo
12.8%
Beverly Hills Cop (1984)James Russo
12.8%
Beverly Hills Cop (1984)Gilbert R. Hill
12.8%
Beverly Hills Cop (1984)Damon Wayans
12.8%
Midnight Run (1988)Philip Baker Hall
12.8%
Scent of a Woman (1992)James Rebhorn
12.8%
Hot Tomorrows (1977)Ray Sharkey
10.6%
Hot Tomorrows (1977)David Garfield
10.6%
Beverly Hills Cop (1984)Lisa Eilbacher
10.6%
Midnight Run (1988)Wendy Phillips
10.6%
Scent of a Woman (1992)Bradley Whitford
10.6%
Meet Joe Black (1998)Jake Weber
10.6%
Beverly Hills Cop (1984)Stephen Elliott
8.5%
Midnight Run (1988)Jack Kehoe
8.5%
Scent of a Woman (1992)Richard Venture
8.5%
Scent of a Woman (1992)June Squibb
8.5%
Meet Joe Black (1998)Marcia Gay Harden
8.5%
Meet Joe Black (1998)June Squibb
8.5%
Gigli (2003)Justin Bartha
8.5%
Gigli (2003)Lainie Kazan
8.5%
Hot Tomorrows (1977)Herve Villechaize
6.4%
Hot Tomorrows (1977)Orson Welles
6.4%
Film Actor/Actress % Correct
Going in Style (1979)Charles Hallahan
6.4%
Going in Style (1979)Pamela Payton-Wright
6.4%
Going in Style (1979)Siobhan Keegan
6.4%
Going in Style (1979)Brian Neville
6.4%
Beverly Hills Cop (1984)Michael Champion
6.4%
Beverly Hills Cop (1984)Joel Bailey
6.4%
Beverly Hills Cop (1984)Art Kimbro
6.4%
Beverly Hills Cop (1984)Rick Overton
6.4%
Midnight Run (1988)Richard Foronjy
6.4%
Midnight Run (1988)Robert Miranda
6.4%
Midnight Run (1988)Danielle DuClos
6.4%
Midnight Run (1988)Tracey Walter
6.4%
Midnight Run (1988)Jimmie Ray Weeks
6.4%
Scent of a Woman (1992)Rochelle Oliver
6.4%
Scent of a Woman (1992)Margaret Eginton
6.4%
Scent of a Woman (1992)Nicholas Sadler
6.4%
Scent of a Woman (1992)Todd Louiso
6.4%
Scent of a Woman (1992)Gene Canfield
6.4%
Scent of a Woman (1992)Frances Conroy
6.4%
Scent of a Woman (1992)Ron Eldard
6.4%
Meet Joe Black (1998)Jeffrey Tambor
6.4%
Meet Joe Black (1998)David S. Howard
6.4%
Meet Joe Black (1998)Marylouise Burke
6.4%
Gigli (2003)Lenny Venito
6.4%
Gigli (2003)Missy Crider
6.4%
Going in Style (1979)Mark Margolis
4.3%
Beverly Hills Cop (1984)Philip Levien
4.3%
Meet Joe Black (1998)Diane Kagan
4.3%

You're not logged in!

Compare scores with friends on all Sporcle quizzes.
Join for Free
OR
Log In

You Might Also Like...

Show Comments

Extras

Top Quizzes Today


Score Distribution

Your Account Isn't Verified!

In order to create a playlist on Sporcle, you need to verify the email address you used during registration. Go to your Sporcle Settings to finish the process.

Report this User

Report this user for behavior that violates our Community Guidelines.

Details: